[Event "AUTO-ADV-4822"]
[Site "http://www.queenalice.com/game.php?id=1857326"]
[Date "2025.5.15"]
[Round "2"]
[White "yy"]
[Black "askasl159"]
[Result "1-0"]
[WhiteElo "2063"]
[BlackElo "1869"]

1. e4 e5 2. Nf3 Nc6 3. d4 exd4 4. Nxd4 g6 5. Nxc6 bxc6 6. Qf3 Nf6 7. Bg5 Bg7 8.
e5 Qe7 9. Qc3 O-O 10. Be2 Ba6 11. Bxa6 h6 12. Bxf6 Bxf6 13. f4 Qe6 14. Nd2 1-0

[Event "AUTO-ADV-4822"]
[Site "http://www.queenalice.com/game.php?id=1857327"]
[Date "2025.5.15"]
[Round "2"]
[White "askasl159"]
[Black "yy"]
[Result "0-1"]
[WhiteElo "1784"]
[BlackElo "2071"]

1. e4 e5 2. f4 d6 3. Nf3 exf4 4. d4 Qf6 5. Bc4 Bg4 6. O-O Nc6 7. Nc3 Bxf3 8.
Qxf3 Qxd4+ 9. Be3 Qxc4 10. Qxf4 Nf6 11. Rf2 Qe6 0-1

[Event "AUTO-OPEN-4603"]
[Site "http://www.queenalice.com/game.php?id=1859917"]
[Date "2025.7.15"]
[Round "1"]
[White "yy"]
[Black "Pin"]
[Result "1-0"]
[WhiteElo "2074"]
[BlackElo "1995"]

1. e4 c5 2. Bc4 e6 3. c3 d5 4. Bb5+ Bd7 5. Bxd7+ Nxd7 6. d3 Ngf6 7. Bg5 dxe4 8.
dxe4 e5 9. Nf3 Be7 10. Nbd2 O-O 11. O-O h6 12. Be3 b6 13. Qc2 Re8 14. Nc4 Nf8
15. Nfxe5 Qc7 16. a4 Qb7 17. f3 Rad8 18. Qb3 Ne6 19. Na5 Qa8 20. Nac6 Rc8 21.
Qc4 Rxc6 22. Nxc6 Qxc6 23. b4 Rd8 24. e5 Nd5 25. Bf2 Nec7 26. b5 Qg6 27. Rfd1
Bf8 28. Qb3 Nf4 29. Bg3 Ne2+ 30. Kf2 Nxg3 31. hxg3 Re8 32. f4 Ne6 33. a5 Be7 34.
Rd7 bxa5 35. c4 Nd4 36. Qc3 Qg4 37. Rxa7 Qe2+ 38. Kg1 Qg4 39. Qd3 Ne2+ 40. Kf2
Nxf4 41. Qf3 Qxf3+ 42. gxf3 Nd3+ 43. Kg2 Nxe5 44. Ra4 Bd8 45. Ra8 Kf8 46. Ra6
Nd3 47. b6 Re6 48. b7 Bc7 49. R4xa5 Re2+ 50. Kh3 Nf2+ 51. Kg2 Ne4+ 52. Kh3 Nf2+
53. Kg2 Ne4+ 54. Kh3 Bxg3 55. fxe4 1-0

[Event "AUTO-OPEN-4603"]
[Site "http://www.queenalice.com/game.php?id=1859918"]
[Date "2025.7.15"]
[Round "1"]
[White "Pin"]
[Black "yy"]
[Result "1-0"]
[WhiteElo "1998"]
[BlackElo "2094"]

1. d4 d5 2. Nf3 Nc6 3. e3 Bg4 4. c4 e6 5. cxd5 Qxd5 6. Nc3 Bb4 7. Be2 Nf6 8. O-O
Bxc3 9. bxc3 O-O-O 10. Bd2 h5 11. Re1 Ne4 12. c4 Qd6 13. Bc1 h4 14. h3 Bxf3 15.
Bxf3 Ng5 16. a4 Nb4 17. Ba3 b6 18. Qb3 a5 19. Be2 c5 20. dxc5 bxc5 21. Bxb4 cxb4
22. c5 Qc7 23. c6 Ne4 24. Rec1 Rd6 25. Bb5 Nc3 26. Rxc3 bxc3 27. Rb1 Rh5 28.
Ba6+ Kd8 29. Qxc3 Rxc6 30. Qxg7 Rxa6 31. Qf8+ Kd7 32. Qxf7+ Kc8 33. Qe8+ Qd8 34.
Rc1+ Kb7 35. Qxd8 Rh7 36. Qc8+ Ka7 37. Rb1 Rb6 38. Qc5 Rb7 39. Qxa5+ Ra6 40.
Qc5+ Kb8 41. Rxb7+ Kxb7 42. Qe7+ Kb8 43. Qxh4 Kc7 44. Qf4+ Kd7 45. Qd4+ Ke7 46.
Qc5+ Kf7 47. a5 Kf6 48. Qb5 Ra8 49. a6 Ke7 50. Qb7+ 1-0

[Event "AUTO-OPEN-4603"]
[Site "http://www.queenalice.com/game.php?id=1859919"]
[Date "2025.7.15"]
[Round "1"]
[White "yy"]
[Black "game"]
[Result "1-0"]
[WhiteElo "2028"]
[BlackElo "1692"]

1. e4 e5 2. Nf3 Nc6 3. d4 d6 4. d5 Nd4 5. Nxd4 exd4 6. Qxd4 Nf6 7. Bg5 c5 8.
Bxf6 Qxf6 9. Bb5+ Bd7 10. Bxd7+ Kxd7 11. Qa4+ Ke7 12. Qb5 Kd8 13. Qxb7 Rc8 14.
Nc3 Be7 15. Qxa7 Qd4 16. Qb6+ Rc7 17. O-O h5 18. Nb5 Qb4 19. Qxc7+ Ke8 20. Nxd6+
Bxd6 21. Qc8+ Ke7 22. Qxh8 Be5 23. Qxh5 f6 24. Qe2 Kd6 25. c3 Qb6 26. f4 c4+ 27.
Qf2 1-0

[Event "AUTO-OPEN-4603"]
[Site "http://www.queenalice.com/game.php?id=1859920"]
[Date "2025.7.15"]
[Round "1"]
[White "game"]
[Black "yy"]
[Result "0-1"]
[WhiteElo "1642"]
[BlackElo "2036"]

1. e4 e5 2. Nf3 d6 3. Bc4 Bg4 4. O-O Nf6 5. Nc3 c6 6. d3 d5 7. exd5 cxd5 8. Bb5+
Nc6 9. Bg5 Be7 10. Qd2 Bb4 11. Rae1 h6 12. Nxe5 Kf8 13. Bxf6 Qxf6 14. Nxd5 Bxd2
15. Nxf6 Bxe1 16. Nfxg4 Nxe5 17. Nxe5 Bb4 18. Bc4 Ke7 19. c3 Bd6 20. Re1 Bxe5
21. Rxe5+ Kf6 22. Re4 Rae8 23. Rf4+ Kg5 24. g3 f5 25. Bf7 Re2 26. h4+ Kf6 27.
Bh5 Rxb2 28. Bg4 g6 29. Bf3 Rb1+ 30. Kg2 g5 31. Ra4 Ke6 32. Rxa7 b6 33. h5 g4
34. Be2 Kf6 35. d4 Re8 36. Rh7 Rxe2 37. Rxh6+ Kg5 38. Rh7 Rbb2 39. Kf1 Rxf2+ 40.
Kg1 Rfc2 41. Rg7+ Kxh5 42. Rh7+ Kg6 43. Rh2 Rc1# 0-1

[Event "AUTO-OPEN-4603"]
[Site "http://www.queenalice.com/game.php?id=1859921"]
[Date "2025.7.15"]
[Round "1"]
[White "yy"]
[Black "JoseMessias"]
[Result "1-0"]
[WhiteElo "2038"]
[BlackElo "1752"]

1. e4 e5 2. Nf3 d5 3. exd5 Qxd5 4. Nc3 Qd6 5. d3 Bg4 6. Qe2 Nc6 7. Nb5 Qb4+ 8.
Nc3 Bc5 9. a3 Qa5 10. Bd2 Nb4 11. Qd1 Nc6 12. Nd5 Bxf2+ 13. Kxf2 Qxd5 14. h3
Bxf3 15. gxf3 Qd4+ 16. Be3 Qxb2 17. h4 Nd4 18. Rb1 Qxa3 19. Rxb7 O-O-O 20. Qb1
Qa6 21. Rb8+ Kd7 22. Bh3+ f5 23. Bxd4 exd4 24. Bxf5+ Ke7 25. Re1+ Kf6 26. Rxd8
Kxf5 27. Rf8+ Kg6 28. Rg1+ Kh5 29. Rf5+ g5 30. Qc1 h6 31. Rgxg5+ hxg5 32. Qxg5#
1-0

[Event "AUTO-OPEN-4603"]
[Site "http://www.queenalice.com/game.php?id=1859922"]
[Date "2025.7.15"]
[Round "1"]
[White "JoseMessias"]
[Black "yy"]
[Result "0-1"]
[WhiteElo "1757"]
[BlackElo "2031"]

1. e4 e5 2. d4 exd4 3. Qxd4 Nc6 4. Qd1 Nf6 5. Nc3 Bb4 6. a3 Bxc3+ 7. bxc3 Nxe4
8. Qe2 Qe7 9. f3 Nxc3 10. Qxe7+ Nxe7 11. Bb2 Ncd5 12. Bxg7 Rg8 13. Be5 Ne3 14.
Ra2 Nxg2+ 15. Bxg2 Rxg2 16. Bxc7 Nd5 17. Be5 b6 18. Ne2 Ba6 19. c3 Rc8 20. Rd2
Rxe2+ 21. Rxe2 Bxe2 22. Kxe2 Nxc3+ 23. Kd3 Nd5 24. Kd4 Ne7 25. Re1 Rc6 26. Bg3
Kf8 27. Bh4 Nf5+ 28. Kd5 Nxh4 29. f4 Nf5 30. Re5 Rc5+ 31. Ke4 Nd6+ 32. Kd4 Rxe5
33. fxe5 Nb5+ 34. Kd5 Nxa3 35. Kd6 Ke8 36. h4 f5 37. exf6 a5 38. f7+ Kxf7 39.
Kxd7 Kg6 40. Kc6 b5 41. Kb6 b4 42. Kxa5 b3 43. Ka4 b2 44. Kxa3 b1=Q 45. Ka4 Kf5
46. Ka3 Ke5 47. h5 Kd5 48. h6 Kc4 49. Ka4 Qa1# 0-1

[Event "AUTO-OPEN-4608"]
[Site "http://www.queenalice.com/game.php?id=1861329"]
[Date "2025.8.9"]
[Round "1"]
[White "cerenzo72"]
[Black "yy"]
[Result "1-0"]
[WhiteElo "2122"]
[BlackElo "2070"]

1. c4 e6 2. d4 Nf6 3. g3 Bb4+ 4. Bd2 Qe7 5. Bg2 d5 6. cxd5 Bxd2+ 7. Nxd2 exd5 8.
Ngf3 O-O 9. O-O Re8 10. e3 Bg4 11. Qb3 c6 12. Ne5 Nbd7 13. Nxg4 Nxg4 14. Qxb7
Qd6 15. Qa6 Rec8 16. Qe2 Ngf6 17. Nb3 a5 18. a4 Rcb8 19. Qc2 Rb7 20. Qc3 Qb4 21.
Qxb4 axb4 22. a5 Rb5 23. Rfc1 Ra6 24. Bf1 Rbb6 25. Bxa6 Rxa6 26. Ra4 Ne4 27.
Rxb4 Kf8 28. f3 Nd6 29. Kf2 Nc4 30. Rc2 Ke7 31. e4 f6 32. exd5 cxd5 33. Rb5 Ke6
34. f4 f5 35. Kf3 Kd6 36. Nc5 Nxc5 37. Rxc5 Nxa5 38. Rc7 Rc6 39. R2xc6+ Nxc6 40.
Rxg7 Nxd4+ 41. Ke3 Nc2+ 42. Kd2 Nd4 43. Rxh7 Kc5 44. h4 Kc4 45. Rd7 Nb3+ 46. Kc2
Nd4+ 47. Kb1 Nf3 48. b3+ Kc5 49. b4+ Kc6 50. Rf7 d4 51. h5 Kb5 52. h6 d3 53. h7
Nd2+ 54. Kc1 Nb3+ 55. Kd1 Kxb4 56. h8=Q Ka3 57. Ra7+ 1-0

[Event "AUTO-OPEN-4608"]
[Site "http://www.queenalice.com/game.php?id=1861330"]
[Date "2025.8.9"]
[Round "1"]
[White "yy"]
[Black "cerenzo72"]
[Result "1-0"]
[WhiteElo "2050"]
[BlackElo "2152"]

1. e4 e5 2. Nf3 d6 3. d4 exd4 4. Nxd4 Nf6 5. Bg5 Be7 6. Bxf6 Bxf6 7. Bc4 O-O 8.
O-O b6 9. Bd5 Bxd4 10. Qxd4 c6 11. Bc4 Bb7 12. Rd1 b5 13. Be2 c5 14. Qxd6 Qg5
15. f3 Qe3+ 16. Kf1 Nc6 17. Na3 a6 18. Rd3 Qg5 19. Rd5 Qe3 20. Qxc5 Qf4 21. g3
Qf6 22. c3 Rac8 23. Qd6 Qxd6 24. Rxd6 f5 25. exf5 Rxf5 26. Rad1 Ne5 27. f4 g5
28. R1d4 Rcf8 29. Bd3 Nxd3 30. Rxd3 gxf4 31. g4 R5f7 32. b4 f3 33. Kf2 Re8 34.
Rd2 Rfe7 35. Rd8 Rxd8 36. Rxd8+ Kg7 37. Rd2 Kg6 38. Nc2 Kg5 39. Kg3 Re2 40. Rxe2
fxe2 41. h4+ Kf6 42. Ne1 Bd5 43. Kf2 Bxa2 44. Kxe2 Ke5 45. Ke3 Kd5 46. h5 h6 47.
Nc2 Bb1 48. Nd4 Be4 49. Kf4 Bh7 50. Nf5 Kc4 51. Nxh6 Kxc3 52. g5 Kxb4 53. g6
Bxg6 54. hxg6 a5 55. g7 a4 56. g8=Q 1-0

[Event "AUTO-OPEN-4608"]
[Site "http://www.queenalice.com/game.php?id=1861355"]
[Date "2025.8.9"]
[Round "1"]
[White "rmvwoods"]
[Black "yy"]
[Result "1-0"]
[WhiteElo "2049"]
[BlackElo "2066"]

1. e4 e5 2. Nf3 d6 3. d4 f6 4. Bc4 Bg4 5. Qd3 Bxf3 6. gxf3 a6 7. Qb3 Ne7 8. Bf7+
Kd7 9. Qe6+ Kc6 10. d5+ Kb5 11. Na3+ Ka4 12. Bd2 Qd7 13. Qg4 c6 14. Be6 Qd8 15.
Nc4 h5 16. b3+ Kb5 17. Qh3 cxd5 18. exd5 g5 19. c3 a5 20. a4+ Ka6 21. Qf1 Nbc6
22. Nxe5+ Ka7 23. Nf7 Qe8 24. Nxh8 Nxd5 25. Qe2 Nc7 26. Be3+ Kb8 27. Bf5 Ne7 28.
Bc2 Bg7 29. O-O-O Bxh8 30. Rxd6 Ned5 31. Rd1 Qe7 32. Bc5 Qxd6 33. Bxd6 Ka7 34.
Bxc7 Nxc7 35. Qe3+ b6 36. Qe7 Kb7 37. Be4+ Ka6 38. Bxa8 Nxa8 39. Rd8 f5 40.
Rxa8# 1-0

[Event "AUTO-OPEN-4608"]
[Site "http://www.queenalice.com/game.php?id=1861356"]
[Date "2025.8.9"]
[Round "1"]
[White "yy"]
[Black "rmvwoods"]
[Result "1/2-1/2"]
[WhiteElo "2049"]
[BlackElo "2066"]

1. e4 e5 2. Nf3 d6 3. d4 exd4 4. Qxd4 Bd7 5. Bc4 Nf6 6. Bg5 Nc6 7. Qd3 Be7 8.
O-O O-O 9. Rd1 Ng4 10. Bf4 Bf6 11. c3 Nge5 12. Bxe5 Nxe5 13. Nxe5 Bxe5 14. Nd2
Qh4 15. Nf3 Qf4 16. g3 Qf6 17. Nxe5 Qxe5 18. Qd5 Bc6 19. Qxe5 dxe5 20. Bd5 Bxd5
21. Rxd5 f6 22. Rad1 c6 23. Rd7 Rf7 24. Rxf7 Kxf7 25. Rd7+ Kg6 26. Rxb7 a5 27.
Rb6 c5 28. Rc6 a4 29. Rxc5 Rb8 30. Ra5 Rxb2 31. Rxa4 Re2 32. Kf1 Rc2 33. c4 Kg5
34. a3 Kg4 35. Kg2 g6 36. Rb4 f5 37. h3+ Kg5 38. exf5 gxf5 39. a4 e4 40. Kf1 f4
41. Rb5+ Kf6 42. gxf4 Rxc4 43. a5 Ra4 44. Ke2 Ra3 45. h4 Kg7 46. Re5 Kf6 47. Rb5
h6 48. Re5 Kg6 49. Rxe4 Rxa5 50. Kf3 Kf5 51. Re5+ Rxe5 52. fxe5 Kxe5 53. Kg4 Kf6
54. f4 Kg6 55. f5+ Kf6 56. Kh5 Kg7 57. f6+ Kxf6 58. Kxh6 Kf7 59. Kh7 Kf8 60. h5
Kf7 61. Kh8 Kf8 62. h6 Kf7 63. Kh7 Kf8 64. Kg6 Kg8 65. h7+ Kh8 66. Kh6 1/2-1/2

[Event "AUTO-OPEN-4608"]
[Site "http://www.queenalice.com/game.php?id=1861371"]
[Date "2025.8.9"]
[Round "1"]
[White "SAMOEL"]
[Black "yy"]
[Result "1-0"]
[WhiteElo "2018"]
[BlackElo "2085"]

1. e4 e5 2. Nf3 d6 3. h3 f5 4. d4 fxe4 5. Ng5 d5 6. dxe5 g6 7. e6 Nh6 8. c4 d4
9. Nxe4 Bxe6 10. Bd3 Nf5 11. O-O Nc6 12. Re1 Bb4 13. Bd2 h6 14. Bxb4 Nxb4 15.
Qa4+ Nc6 16. Nc5 Kf7 17. Nxe6 Qe7 18. g4 Nh4 19. Nd2 Qd6 20. c5 Qd5 21. f3 Ne5
22. Nxc7 Nexf3+ 23. Nxf3 Nxf3+ 24. Kf2 Qc6 25. Bc4+ Kf8 26. Ne6+ Qxe6 27. Rxe6
Ng5 28. Rxg6 Nxh3+ 29. Kg3 Ng5 30. Qc2 Rc8 31. Qe2 Re8 32. Rf1+ 1-0

[Event "AUTO-OPEN-4608"]
[Site "http://www.queenalice.com/game.php?id=1861372"]
[Date "2025.8.9"]
[Round "1"]
[White "yy"]
[Black "SAMOEL"]
[Result "0-1"]
[WhiteElo "2054"]
[BlackElo "2037"]

1. e4 e5 2. Nf3 Bc5 3. Bc4 d6 4. d3 h6 5. O-O Nf6 6. Nc3 O-O 7. Nd5 c6 8. Nxf6+
Qxf6 9. c3 b5 10. Bb3 Bg4 11. Be3 Nd7 12. d4 exd4 13. cxd4 Bb6 14. Qc2 Bxf3 15.
gxf3 Rac8 16. Qc3 Qg6+ 17. Kh1 Qh5 18. Bf4 Bxd4 19. Qd3 Ne5 20. Bxe5 Bxe5 21. f4
Bxf4 22. h3 c5 23. Bd1 Qh4 24. b3 Be5 25. Rc1 c4 26. bxc4 bxc4 27. Qe3 Bf4 28.
Qc3 Be5 29. Qf3 c3 30. Bb3 c2 31. Rxc2 Rxc2 32. Bxc2 Rc8 33. Bb3 Rc7 34. Rg1 Kh8
35. Rg4 Qh5 36. Qg2 Rc1+ 37. Qg1 Qxh3# 0-1

[Event "AUTO-MASTER-3263"]
[Site "http://www.queenalice.com/game.php?id=1862161"]
[Date "2025.8.26"]
[Round "2"]
[White "WoodpusherKid"]
[Black "yy"]
[Result "1-0"]
[WhiteElo "2577"]
[BlackElo "2056"]

1. c4 e5 2. g3 Nf6 3. d3 Bc5 4. Bg2 Ng4 5. e3 Qf6 6. Qxg4 Nc6 7. Nh3 d5 8. Qe2
Bxh3 9. Bxh3 d4 10. e4 O-O 11. O-O a6 12. f4 b5 13. Nd2 Na5 14. cxb5 axb5 15. a3
Rfe8 16. b4 Qd6 17. bxc5 Qxc5 18. Rb1 Qc2 19. Rxb5 f6 20. Rb2 Qc5 21. fxe5 fxe5
22. Nf3 Qxa3 23. Rb8 Qd6 24. Qa2+ Kh8 25. Rxe8+ Rxe8 26. Qxa5 c5 27. Bf5 g6 28.
Qb5 Rb8 29. Ng5 Kg7 30. Qc4 h6 31. Qf7+ 1-0

[Event "AUTO-MASTER-3263"]
[Site "http://www.queenalice.com/game.php?id=1862162"]
[Date "2025.8.26"]
[Round "2"]
[White "yy"]
[Black "WoodpusherKid"]
[Result "0-1"]
[WhiteElo "2087"]
[BlackElo "2534"]

1. e4 e5 2. Nf3 Nc6 3. c3 d5 4. exd5 Qxd5 5. d3 Bf5 6. Be2 O-O-O 7. O-O Bxd3 8.
Qxd3 Qxd3 9. Bxd3 Rxd3 10. Be3 f6 11. Nbd2 Nge7 12. Rac1 Nf5 13. Rfd1 Nxe3 14.
fxe3 Rxe3 15. b4 g6 16. a4 Bh6 17. b5 Na5 18. Rc2 Rd8 19. g4 Rxf3 20. Kg2 Rfd3
21. Kf2 Bxd2 22. Kf1 Nc4 23. h4 Ne3+ 0-1

[Event "AUTO-MASTER-3263"]
[Site "http://www.queenalice.com/game.php?id=1862163"]
[Date "2025.8.26"]
[Round "2"]
[White "Tonto"]
[Black "yy"]
[Result "0-1"]
[WhiteElo "1957"]
[BlackElo "2035"]

1. e4 e5 2. Nf3 d6 3. Bc4 Bg4 4. h3 Bxf3 5. Qxf3 Qf6 6. d3 Nc6 7. Bg5 Qxf3 8.
gxf3 Nd4 9. Kd1 Nxf3 10. Be3 g6 11. Nc3 f5 12. Bxg8 Rxg8 13. Nd5 Rg7 14. Bh6 Rf7
15. Bxf8 Kxf8 16. exf5 gxf5 17. c3 c6 18. Ne3 Rg7 19. Nxf5 Rg6 20. h4 Rf6 21.
Ne3 h5 22. Ke2 Ke7 23. Rh3 Raf8 24. Rf1 d5 25. Rg3 Nh2 26. Rg7+ R8f7 27. Rxf7+
Kxf7 28. Rg1 Nf3 29. Rg3 e4 30. dxe4 dxe4 31. Nc4 b5 32. Na5 c5 33. Nb7 c4 34.
Nc5 Nxh4 35. Nxe4 Re6 36. f3 Nf5 37. Rh3 Kg6 38. Kf2 h4 39. Nc5 Re5 40. Na6 Kh5
41. Nb4 Ng3 42. f4 Re2+ 43. Kf3 Rxb2 44. a3 Rb3 45. Rh2 Rxc3+ 46. Kf2 Rxa3 47.
Nc6 Ra2+ 48. Kg1 Rxh2 49. Kxh2 c3 50. Nd4 b4 51. Nb3 c2 52. Kg2 a5 0-1

[Event "AUTO-MASTER-3263"]
[Site "http://www.queenalice.com/game.php?id=1862164"]
[Date "2025.8.26"]
[Round "2"]
[White "yy"]
[Black "Tonto"]
[Result "1-0"]
[WhiteElo "2048"]
[BlackElo "2011"]

1. e4 e5 2. Nf3 Nc6 3. d4 Be7 4. d5 Nb8 5. Nxe5 d6 6. Nxf7 Kxf7 7. b3 Bf6 8. c3
Ne7 9. Qf3 Re8 10. Bg5 Ng6 11. Bb5 c6 12. dxc6 bxc6 13. Bxf6 Qxf6 14. Qxf6+ gxf6
15. Bd3 d5 16. Nd2 Nf4 17. Bc2 Ba6 18. c4 dxc4 19. Nxc4 Bxc4 20. bxc4 Nxg2+ 21.
Ke2 Nf4+ 22. Kf3 Ng6 23. Bb3 a5 24. Ba4 Ne5+ 25. Kf4 Na6 26. Rhd1 Nc5 27. Bc2 a4
28. Rd4 Ne6+ 29. Ke3 Ng4+ 30. Kd3 Nc5+ 31. Ke2 Nxh2 32. Rh1 Ng4 33. Rxh7+ Ke6
34. f4 Rh8 35. Rxh8 Rxh8 36. Kf3 Nh6 37. a3 Nb3 38. Rd3 Rb8 39. Rc3 Nd4+ 40. Ke3
Nxc2+ 41. Rxc2 Rb3+ 42. Kd4 Rxa3 43. Kc5 f5 44. e5 Rf3 45. Rd2 Nf7 46. Kxc6 Rxf4
47. Kb5 Nxe5 48. c5 a3 49. Ra2 Rf3 50. Kb4 Nd3+ 51. Kc4 Nc1 52. Ra1 a2 53. Rxc1
Ra3 54. Ra1 Ra4+ 55. Kb5 Ra8 56. Kb6 Kd7 57. Kb7 Rc8 58. Rd1+ Ke6 59. Kxc8 1-0

[Event "AUTO-OPEN-4603"]
[Site "http://www.queenalice.com/game.php?id=1864702"]
[Date "2025.10.24"]
[Round "2"]
[White "WoodpusherKid"]
[Black "yy"]
[Result "1-0"]
[WhiteElo "2622"]
[BlackElo "2037"]

1. c4 e5 2. d3 Bc5 3. Nf3 d6 4. Nc3 Bb4 5. g3 Nc6 6. Bg2 Nd4 7. Nxd4 exd4 8.
Qa4+ c6 9. Qxb4 dxc3 10. b3 Qf6 11. Ba3 Kd7 12. O-O Ne7 13. d4 d5 14. Qxc3 b6
15. e4 Ba6 16. Bh3+ Ke8 17. Rfe1 dxc4 18. e5 Qh6 19. e6 f6 20. Qb4 Nd5 21. Qd6
Rd8 22. Qxc6+ 1-0

[Event "AUTO-OPEN-4603"]
[Site "http://www.queenalice.com/game.php?id=1864703"]
[Date "2025.10.24"]
[Round "2"]
[White "yy"]
[Black "WoodpusherKid"]
[Result "0-1"]
[WhiteElo "2063"]
[BlackElo "2662"]

1. e4 e5 2. Nf3 Nc6 3. Bc4 Nf6 4. d3 Bc5 5. Bg5 d6 6. Nc3 h6 7. Bxf6 Qxf6 8. Nd5
Qd8 9. c3 a5 10. O-O Bg4 11. Ne3 Bh5 12. Nf5 Qf6 13. d4 exd4 14. cxd4 Bxf3 15.
Qxf3 Nxd4 16. Nxd4 Bxd4 17. Rab1 O-O 18. Qe2 Rfe8 19. Kh1 Rad8 20. b3 d5 21. Bd3
dxe4 22. Bxe4 Qe5 23. f3 c6 24. Qc4 h5 25. Rfe1 Qf6 26. Red1 g5 27. Rd3 Kg7 28.
Rbd1 c5 29. Bxb7 Re2 30. a3 Rde8 31. Be4 R8xe4 32. Rf1 h4 33. Rdd1 h3 34. gxh3
Qf4 0-1

[Event "AUTO-MASTER-3293"]
[Site "http://www.queenalice.com/game.php?id=1868003"]
[Date "2026.1.15"]
[Round "1"]
[White "jogo"]
[Black "yy"]
[Result "0-1"]
[WhiteElo "1747"]
[BlackElo "2061"]

1. e4 e5 2. Nf3 d6 3. d4 exd4 4. Nxd4 Nf6 5. Bd3 Qe7 6. f3 d5 7. O-O Qc5 8. Be3
Nc6 9. c3 dxe4 10. fxe4 Bd6 11. Nf5 Qe5 12. Nxg7+ Kf8 13. Nf5 Qxh2+ 14. Kf2 Bxf5
15. exf5 Bg3+ 16. Kf3 Ne5+ 17. Ke2 Qxg2+ 18. Bf2 Neg4 19. Kd2 Nxf2 20. Qe2 N6e4+
21. Bxe4 Nxe4+ 0-1